| 000 | 00393nam a22001697a 4500 | ||
|---|---|---|---|
| 003 | NUST | ||
| 020 | _a9788177585759 | ||
| 038 | _akhadija | ||
| 082 |
_a004.33 _bLIU |
||
| 100 |
_aLiu S. W. Jane _981633 |
||
| 245 | _aReal- Time Systems / | ||
| 260 |
_aNew Delhi: _bKhanna Publisher; _c2009. |
||
| 300 |
_a1491P. ; _b22 cm. |
||
| 500 | _aPaperback. | ||
| 563 | _apaper back | ||
| 942 |
_cBK _2ddc |
||
| 999 |
_c32561 _d32561 |
||